000
00323nam a2200133Ia 4500
008
240624s9999 xx 000 0 und d
041
_a
eng
082
_a
823 KHA
100
_a
KHAN ADIB
245
_a
SPIRAL ROAD
260
_c
2008
_a
New Delhi
_b
HarperCollins Publishers
300
_a
362 : p. : cm. ; 20
365
_c
RS
_b
20
999
_c
11897
_d
11897